[Event "4NCL Online Division 7"]
[Site "online"]
[Date "2021.01.26"]
[Round "1.183"]
[White "Dometakis, Lakis"]
[Black "Jones, Zebedee"]
[Result "1-0"]
[WhiteElo "1276"]
[BlackElo "1635"]
[PlyCount "95"]
[EventDate "2021.01.26"]
[WhiteTeam "Enfield 2"]
[BlackTeam "Hackney Go Lucky"]

1. e4 c5 2. Nf3 d6 3. d4 cxd4 4. Nxd4 Nf6 5. Nc3 a6 6. Bc4 e6 7. Bg5 Be7 8. Qd2
Nc6 9. O-O-O Na5 10. Bb3 Nxb3+ 11. Nxb3 b5 12. h4 Bb7 13. f3 Rc8 14. Bxf6 gxf6
15. Kb1 b4 16. Ne2 a5 17. Nbd4 Qb6 18. Nc1 d5 19. Qe2 Ba6 20. Qe3 Bc5 21. e5 f5
22. Rh2 a4 23. b3 a3 24. g4 fxg4 25. fxg4 Rg8 26. Qf4 Qc7 27. g5 Be7 28. Rf2
Rf8 29. Qf3 Qxe5 30. Rfd2 Rc3 31. Qf2 Qc7 32. Nd3 Bd6 33. Re1 Bg3 34. Nxe6 Bxf2
35. Nxc7+ Kd8 36. Nxf2 Kxc7 37. Rxd5 Kc6 38. Rde5 Rd8 39. Re7 Rd2 40. Ne4 Rxb3+
41. cxb3 Bd3+ 42. Ka1 Rh2 43. Rc1+ Kd5 44. Nf6+ Kd6 45. Rd7+ Ke5 46. Rxd3 Kf4
47. Rd4+ Ke5 48. Rxb4 1-0

[Event "4NCL Online Division 7"]
[Site "online"]
[Date "2021.01.26"]
[Round "1.184"]
[White "Nabijou, Kayvon"]
[Black "McHugh, Ralph"]
[Result "1-0"]
[WhiteElo "1300"]
[BlackElo "1311"]
[PlyCount "29"]
[EventDate "2021.01.26"]
[WhiteTeam "Hackney Go Lucky"]
[BlackTeam "Enfield 2"]

1. e4 d6 2. d4 Nf6 3. Bd3 g6 4. Ne2 Bg7 5. O-O O-O 6. Bg5 Nc6 7. Qd2 Nh5 8. c3
f6 9. Bh6 e5 10. Bxg7 Nxg7 11. f4 exf4 12. Nxf4 a6 13. Bc4+ Kh8 14. Nxg6+ hxg6
15. Qh6# 1-0

[Event "4NCL Online Division 7"]
[Site "online"]
[Date "2021.01.26"]
[Round "1.191"]
[White "Wylie, Steve"]
[Black "Perry, Marcus"]
[Result "0-1"]
[WhiteElo "1755"]
[BlackElo "1500"]
[PlyCount "90"]
[EventDate "2021.01.26"]
[WhiteTeam "Devana Corieltauvorum"]
[BlackTeam "Aberystwyth University 2"]

1. d4 d5 2. Bf4 e6 3. e3 Bd6 4. Bxd6 cxd6 5. c4 dxc4 6. Bxc4 Qb6 7. Qc2 Nf6 8.
Nc3 O-O 9. Nf3 Nc6 10. O-O Bd7 11. a3 Rac8 12. Bd3 Ne7 13. Rfc1 a6 14. Rab1 h6
15. h3 Ned5 16. Nxd5 Nxd5 17. Qd2 f5 18. Rxc8 Rxc8 19. Rc1 Rxc1+ 20. Qxc1 Kf7
21. Qc2 Bb5 22. Bxb5 Qxb5 23. g3 Nf6 24. Qc7+ Qd7 25. Qc2 b5 26. Nd2 Nd5 27.
Kg2 Qb7 28. Kg1 a5 29. Nb3 a4 30. Nc1 Qc7 31. Qxc7+ Nxc7 32. Ne2 Nd5 33. Kf1
Ke7 34. Ke1 Kd7 35. Kd2 Kc6 36. Nf4 Nxf4 37. gxf4 Kd5 38. f3 Kc4 39. Kc2 g5 40.
fxg5 hxg5 41. Kd2 Kb3 42. Kc1 e5 43. dxe5 dxe5 44. Kb1 e4 45. fxe4 g4 0-1

[Event "4NCL Online Division 7"]
[Site "online"]
[Date "2021.01.26"]
[Round "1.192"]
[White "Fox, Harry"]
[Black "Pettitt, David"]
[Result "1-0"]
[WhiteElo "1500"]
[BlackElo "1658"]
[PlyCount "93"]
[EventDate "2021.01.26"]
[WhiteTeam "Aberystwyth University 2"]
[BlackTeam "Devana Corieltauvorum"]

1. d4 d5 2. c4 e6 3. Bf4 Nf6 4. Nc3 c6 5. Nf3 Bb4 6. cxd5 exd5 7. Bd2 O-O 8. e3
Bf5 9. Be2 Nbd7 10. O-O Re8 11. a3 Bd6 12. Nh4 Be6 13. Nf3 Bf5 14. Nh4 Be6 15.
Nf3 Ne4 16. Bd3 Ndf6 17. Qc2 Nxd2 18. Qxd2 Qc7 19. g3 h6 20. b4 a6 21. Na4 Bg4
22. Be2 Ne4 23. Qc2 Rac8 24. Nc5 Bxc5 25. bxc5 Qd7 26. Ne5 Rxe5 27. dxe5 Bh3
28. Rfc1 Re8 29. f4 Re6 30. Bf3 Bf5 31. Qb2 Rg6 32. Kg2 Bh3+ 33. Kg1 Nxg3 34.
Kf2 Ne4+ 35. Bxe4 dxe4 36. Rg1 Bf5 37. Qd4 Qe7 38. Rxg6 Bxg6 39. Kg3 h5 40. h4
Qe6 41. Qd1 Kh7 42. Rb1 Qc8 43. Rb4 Kh6 44. Rd4 Bf5 45. Rd8 Qc7 46. Rh8+ Kg6
47. Qxh5# 1-0

[Event "4NCL Online Division 7"]
[Site "online"]
[Date "2021.01.26"]
[Round "1.193"]
[White "Johnson, Andy G"]
[Black "Rafferty, Kieran"]
[Result "1-0"]
[WhiteElo "1707"]
[BlackElo "1500"]
[PlyCount "69"]
[EventDate "2021.01.26"]
[WhiteTeam "Devana Corieltauvorum"]
[BlackTeam "Aberystwyth University 2"]

1. d4 d5 2. e3 Bf5 3. Nf3 e6 4. h3 c5 5. c3 Nf6 6. Nbd2 Nc6 7. Nh4 Bg6 8. Nxg6
hxg6 9. Nf3 Qc7 10. Bd3 cxd4 11. exd4 Bd6 12. Bg5 Rc8 13. Qc2 a6 14. Rc1 Bf4
15. Bxf4 Qxf4 16. Qd2 Qxd2+ 17. Nxd2 Ke7 18. Nb3 Rc7 19. Nc5 Nd7 20. Nxd7 Kxd7
21. Kd2 Na5 22. b3 Rhc8 23. Rc2 Ke7 24. f4 Kf6 25. g4 g5 26. f5 b5 27. fxe6
Kxe6 28. Bf5+ Kf6 29. Bxc8 Rxc8 30. Re1 Rh8 31. Re3 Nb7 32. Kd3 Nd6 33. Rf2+
Kg6 34. Rff3 Ne4 35. c4 1-0

[Event "4NCL Online Division 7"]
[Site "online"]
[Date "2021.01.26"]
[Round "1.194"]
[White "Judge, Kieran"]
[Black "Twigg, James"]
[Result "1-0"]
[WhiteElo "1300"]
[BlackElo "1650"]
[PlyCount "87"]
[EventDate "2021.01.26"]
[WhiteTeam "Aberystwyth University 2"]
[BlackTeam "Devana Corieltauvorum"]

1. e4 e5 2. Nf3 Nc6 3. c3 Nf6 4. d4 Nxe4 5. d5 Ne7 6. Nxe5 d6 7. Bb5+ c6 8.
dxc6 bxc6 9. Nxc6 Qb6 10. Nxa7+ Bd7 11. Bxd7+ Kxd7 12. Qa4+ Kc7 13. Qxe4 Qxa7
14. O-O f5 15. Qe3 Nc6 16. Na3 Kd7 17. Qf4 g6 18. Nb5 Qb6 19. Nd4 Bg7 20. Nxc6
Qxc6 21. Be3 Ra4 22. Qf3 Qxf3 23. gxf3 f4 24. b3 fxe3 25. bxa4 e2 26. Rfe1 Re8
27. Rac1 Kc6 28. Rc2 Kc5 29. Rcxe2 Rxe2 30. Rxe2 Bxc3 31. Re7 d5 32. Kf1 Kc4
33. Ke2 d4 34. Rc7+ Kb4 35. Kd3 Kxa4 36. Rxh7 Kb5 37. Rg7 Kc6 38. Rxg6+ Kd5 39.
h4 Ke5 40. h5 Kf5 41. Rg2 Kf4 42. h6 Kxf3 43. Rg8 Be1 44. h7 1-0

[Event "4NCL Online Division 7"]
[Site "online"]
[Date "2021.01.26"]
[Round "1.201"]
[White "Chen, William"]
[Black "Davies, Owain"]
[Result "1-0"]
[WhiteElo "1320"]
[BlackElo "1923"]
[PlyCount "81"]
[EventDate "2021.01.26"]
[WhiteTeam "Maidenhead 3"]
[BlackTeam "Aberystwyth University 1"]

1. e4 c5 2. Nf3 Nc6 3. d4 cxd4 4. Nxd4 Nf6 5. Nc3 e5 6. Ndb5 d6 7. Bg5 a6 8.
Na3 b5 9. Nd5 Be7 10. Bxf6 Bxf6 11. Be2 Bg5 12. O-O O-O 13. Qd3 Kh8 14. Ne3 g6
15. Rad1 Nd4 16. c3 Ne6 17. Qxd6 Qxd6 18. Rxd6 Bxe3 19. fxe3 Bb7 20. Bd3 Kg7
21. Be2 Bxe4 22. Bf3 Bxf3 23. Rxf3 Rfe8 24. Rf1 Rad8 25. Rfd1 Rxd6 26. Rxd6 a5
27. Nxb5 Nc5 28. Rd5 Ne4 29. Nd6 Rd8 30. Nxe4 Rxd5 31. Kf2 Rd1 32. Nc5 Ra1 33.
a3 Ra2 34. Nd3 Ra1 35. Kf3 Rd1 36. g3 Rxd3 37. Ke4 Rd8 38. Kxe5 Rb8 39. Ke4 a4
40. c4 Rb3 41. Kd4 1-0

[Event "4NCL Online Division 7"]
[Site "online"]
[Date "2021.01.26"]
[Round "1.202"]
[White "Westwood, Cameron"]
[Black "Kumar, Satyam"]
[Result "1-0"]
[WhiteElo "1705"]
[BlackElo "1315"]
[PlyCount "39"]
[EventDate "2021.01.26"]
[WhiteTeam "Aberystwyth University 1"]
[BlackTeam "Maidenhead 3"]

1. c4 e5 2. g3 Nf6 3. Bg2 d5 4. cxd5 Nxd5 5. Nc3 Nf6 6. e3 Nc6 7. Nge2 Bc5 8.
O-O O-O 9. a3 a5 10. b3 Re8 11. Bb2 Ba7 12. Nb5 Bc5 13. d4 exd4 14. Nbxd4 Nxd4
15. Nxd4 b6 16. Bxa8 Ba6 17. Bc6 Bxd4 18. Qxd4 Qxd4 19. Bxd4 Re6 20. Rfc1 1-0

[Event "4NCL Online Division 7"]
[Site "online"]
[Date "2021.01.26"]
[Round "1.203"]
[White "Balachandar, Sridhar"]
[Black "Horhey, Matthew"]
[Result "0-1"]
[WhiteElo "1216"]
[BlackElo "1600"]
[PlyCount "66"]
[EventDate "2021.01.26"]
[WhiteTeam "Maidenhead 3"]
[BlackTeam "Aberystwyth University 1"]

1. e4 c5 2. Bc4 Nc6 3. Nf3 Nf6 4. d4 cxd4 5. Nxd4 Nxe4 6. Qf3 Nf6 7. Nxc6 bxc6
8. Bg5 Qa5+ 9. Nc3 Qxg5 10. Ne4 Qe5 11. Bd3 d5 12. O-O dxe4 13. Bxe4 Qxe4 14.
Qc3 e6 15. f3 Qd5 16. Rad1 Qc5+ 17. Qxc5 Bxc5+ 18. Kh1 Ba6 19. Rfe1 O-O 20. Re5
Bb6 21. Rd6 Bc7 22. Rxc6 Bxe5 23. Rxa6 Bxb2 24. h3 Rfd8 25. Ra5 Rd1+ 26. Kh2
Rc8 27. f4 Rxc2 28. Rb5 h6 29. h4 Rdd2 30. Kh3 Rxg2 31. Rb8+ Kh7 32. Rb3 Nh5
33. f5 Nf4# 0-1

[Event "4NCL Online Division 7"]
[Site "online"]
[Date "2021.01.26"]
[Round "1.204"]
[White "Bates, Toby"]
[Black "Cavaco, Francisco"]
[Result "1-0"]
[WhiteElo "1550"]
[BlackElo "1100"]
[PlyCount "23"]
[EventDate "2021.01.26"]
[WhiteTeam "Aberystwyth University 1"]
[BlackTeam "Maidenhead 3"]

1. e4 e5 2. Nf3 Nc6 3. d4 f6 4. d5 Nce7 5. c4 h6 6. Nc3 a6 7. Be3 f5 8. Nxe5 d6
9. Qh5+ g6 10. Nxg6 Nxg6 11. Qxg6+ Kd7 12. Qe6# 1-0

[Event "4NCL Online Division 7"]
[Site "online"]
[Date "2021.01.26"]
[Round "1.211"]
[White "Hodgson, Christopher"]
[Black "Fell, Colin C"]
[Result "1/2-1/2"]
[WhiteElo "1750"]
[BlackElo "1622"]
[PlyCount "58"]
[EventDate "2021.01.26"]
[WhiteTeam "Bolton and Worsley 2"]
[BlackTeam "Crowthorne 2"]

1. e4 d6 2. d4 g6 3. c3 Bg7 4. Bg5 h6 5. Be3 Nd7 6. Nd2 e5 7. Bc4 Ne7 8. Qf3 f5
9. exf5 Nxf5 10. g4 Nb6 11. gxf5 Nxc4 12. Nxc4 gxf5 13. Qh5+ Kf8 14. dxe5 dxe5
15. Bc5+ Kg8 16. Rd1 Qf6 17. Qf3 e4 18. Qg2 Be6 19. Bd4 Qg5 20. Qxg5 hxg5 21.
b3 Re8 22. Ne2 Rh3 23. Rg1 Bh6 24. Rg2 Kh7 25. Ng1 Rd3 26. Rxd3 exd3 27. Kd2
Bd5 28. f3 g4+ 29. Kxd3 gxf3 1/2-1/2

[Event "4NCL Online Division 7"]
[Site "online"]
[Date "2021.01.26"]
[Round "1.212"]
[White "Adhikari, Aanya"]
[Black "Lamb, Ian"]
[Result "0-1"]
[WhiteElo "1127"]
[BlackElo "1635"]
[PlyCount "104"]
[EventDate "2021.01.26"]
[WhiteTeam "Crowthorne 2"]
[BlackTeam "Bolton and Worsley 2"]

1. e4 e6 2. Nf3 d5 3. exd5 exd5 4. d4 Bd6 5. Nc3 Ne7 6. Be3 Nbc6 7. h3 h6 8.
Bb5 Be6 9. O-O f6 10. Qe2 Qd7 11. Rad1 g5 12. Bxc6 bxc6 13. Nd2 Bxh3 14. Qh5+
Kd8 15. Qxh3 g4 16. Qh5 f5 17. f4 Qe6 18. Rfe1 Qf6 19. Qh2 h5 20. Qg3 h4 21.
Qf2 g3 22. Qf3 h3 23. Qxg3 hxg2 24. Re2 Rh4 25. Rxg2 Rg4 26. Qf3 Rxg2+ 27. Qxg2
Kd7 28. Qf3 Rg8+ 29. Kf1 Qh4 30. Ke2 Qh2+ 31. Kd3 Rg3 32. Qf2 Qh3 33. Re1 Ng6
34. Nf1 Rg2 35. Qxg2 Qxg2 36. a3 Bxf4 37. Bxf4 Nxf4+ 38. Ke3 Ne6 39. Nd2 f4+
40. Kd3 Qg3+ 41. Ke2 Ng5 42. Kd1 f3 43. Nf1 Qf2 44. Na2 Ne4 45. Nb4 Ng3 46. Nd2
Qg2 47. Nd3 f2 48. Nxf2 Qxf2 49. c3 Nf5 50. Rf1 Ne3+ 51. Kc1 Nxf1 52. Nxf1
Qxf1+ 0-1

[Event "4NCL Online Division 7"]
[Site "online"]
[Date "2021.01.26"]
[Round "1.213"]
[White "Busznyak, Arpad"]
[Black "De Silva, Teah"]
[Result "1-0"]
[WhiteElo "1593"]
[BlackElo "962"]
[PlyCount "117"]
[EventDate "2021.01.26"]
[WhiteTeam "Bolton and Worsley 2"]
[BlackTeam "Crowthorne 2"]

1. d4 Nf6 2. c4 e6 3. Nc3 Bb4 4. Bd2 c5 5. a3 cxd4 6. axb4 dxc3 7. Bxc3 O-O 8.
Nf3 Ne4 9. Bd4 Nc6 10. Qd3 f5 11. Ra4 Qe7 12. Bc3 Nxc3 13. bxc3 a5 14. b5 Nb8
15. Qd4 Qf6 16. e3 Qxd4 17. cxd4 d5 18. c5 Bd7 19. Ne5 Be8 20. Be2 Nd7 21. Nd3
b6 22. Nf4 bxc5 23. Nxe6 Nb6 24. Ra2 Rf6 25. Nxc5 Nd7 26. O-O Nxc5 27. dxc5 Rb8
28. Rxa5 g5 29. Rd1 Bf7 30. Bf3 Rd8 31. b6 g4 32. Be2 f4 33. Bxg4 Rg6 34. Bf3
Rf6 35. exf4 Rxf4 36. c6 Be6 37. b7 Rff8 38. c7 Rde8 39. Bxd5 Bxd5 40. Raxd5
Kf7 41. Rf5+ Ke7 42. Rxf8 Rxf8 43. b8=Q Rxb8 44. cxb8=N Kf6 45. Re1 h5 46. Nd7+
Kg5 47. g3 Kg4 48. Kg2 Kg5 49. Re3 Kf5 50. Re5+ Kg6 51. f4 Kf7 52. Kf3 Kg6 53.
f5+ Kf7 54. Re6 Kg7 55. Ne5 Kf8 56. f6 h4 57. Re7 hxg3 58. Ng6+ Kg8 59. Rg7#
1-0

[Event "4NCL Online Division 7"]
[Site "online"]
[Date "2021.01.26"]
[Round "1.214"]
[White "De Silva, Dylan"]
[Black "Cresswell, Gary"]
[Result "1-0"]
[WhiteElo "962"]
[BlackElo "1308"]
[PlyCount "61"]
[EventDate "2021.01.26"]
[WhiteTeam "Crowthorne 2"]
[BlackTeam "Bolton and Worsley 2"]

1. e4 e5 2. Nf3 Nc6 3. Bc4 d6 4. d3 Bg4 5. O-O Bxf3 6. Qxf3 Nf6 7. Bg5 Nd4 8.
Qd1 b5 9. Bd5 c6 10. Bxf6 Qxf6 11. Bb3 Nxb3 12. axb3 Be7 13. Nc3 O-O 14. Ra6
Rfc8 15. f3 Bd8 16. Ne2 Rcb8 17. d4 Rb6 18. Rxb6 Bxb6 19. c3 exd4 20. cxd4 Qe6
21. Nf4 Qh6 22. Nd3 Qe3+ 23. Kh1 Qxd4 24. Re1 Re8 25. Qc2 c5 26. f4 Rxe4 27.
Rxe4 Qxe4 28. Qf2 Qxd3 29. g3 c4 30. Qe1 cxb3 31. Qe8# 1-0

[Event "4NCL Online Division 7"]
[Site "online"]
[Date "2021.01.26"]
[Round "1.221"]
[White "Thorndyke, Alexander"]
[Black "Mooney, Graham"]
[Result "1/2-1/2"]
[WhiteElo "1435"]
[BlackElo "1887"]
[PlyCount "98"]
[EventDate "2021.01.26"]
[WhiteTeam "Horsham 3"]
[BlackTeam "Dundee City C"]

1. d4 d6 2. Bf4 Nf6 3. Nf3 Bf5 4. e3 c6 5. c3 h6 6. Nbd2 Nbd7 7. Be2 Nh5 8. Bg3
Nxg3 9. hxg3 Nf6 10. Ng5 d5 11. Ndf3 Ne4 12. Bd3 Nxg5 13. Bxf5 Nxf3+ 14. Qxf3
e6 15. Bd3 Bd6 16. g4 e5 17. dxe5 Bxe5 18. Qf5 Qf6 19. f4 Qxf5 20. Bxf5 Bd6 21.
g5 g6 22. Bg4 h5 23. g3 Ke7 24. Bf3 Rae8 25. Kd2 Kd8 26. Rae1 Kc7 27. e4 dxe4
28. Rxe4 Rxe4 29. Bxe4 Re8 30. Re1 h4 31. gxh4 Bxf4+ 32. Kd1 Bg3 33. Rg1 Rxe4
34. Rxg3 Rxh4 35. b4 Rf4 36. Kc2 b5 37. a3 Kb6 38. Kb3 Rf1 39. Re3 f5 40. Re6
f4 41. Rxg6 f3 42. Rf6 f2 43. Kb2 Rg1 44. Rxf2 Rxg5 45. Rf6 Rg2+ 46. Kb3 Rg3
47. Kb2 Rg2+ 48. Kb3 Rg3 49. Kb2 Rg2+ 1/2-1/2

[Event "4NCL Online Division 7"]
[Site "online"]
[Date "2021.01.26"]
[Round "1.222"]
[White "Jackson, Robert"]
[Black "Burling, Andrew"]
[Result "1-0"]
[WhiteElo "1575"]
[BlackElo "1315"]
[PlyCount "87"]
[EventDate "2021.01.26"]
[WhiteTeam "Dundee City C"]
[BlackTeam "Horsham 3"]

1. d4 Nf6 2. Nf3 g6 3. Nc3 Bg7 4. Bg5 O-O 5. e4 d5 6. Bxf6 exf6 7. exd5 c6 8.
dxc6 Nxc6 9. Be2 f5 10. d5 Ne7 11. Bc4 Qa5 12. Nd4 a6 13. O-O b5 14. Bb3 Bb7
15. a3 Qb6 16. Nde2 Rad8 17. Qd3 Nc8 18. Rad1 Rfe8 19. Rfe1 Nd6 20. a4 b4 21.
a5 Qxa5 22. Ra1 Qb6 23. Na4 Qb5 24. Qxb5 axb5 25. Nc5 Bxb2 26. Ra5 Bc3 27. Kf1
Bxe1 28. Kxe1 Ra8 29. Nxb7 Nxb7 30. Rxb5 Nd6 31. Rxb4 Ra1+ 32. Kd2 Ne4+ 33.
Rxe4 fxe4 34. Nc3 f5 35. d6+ Kg7 36. Nb5 Rd8 37. c4 Rf1 38. Ke2 Rb1 39. Bd1 Kf6
40. Kd2 Ke5 41. Be2 Rb2+ 42. Ke1 Ke6 43. c5 Ra8 44. Nc7+ 1-0

[Event "4NCL Online Division 7"]
[Site "online"]
[Date "2021.01.26"]
[Round "1.223"]
[White "Roberts, Harry"]
[Black "Chalmers, Martin M"]
[Result "0-1"]
[WhiteElo "1248"]
[BlackElo "1505"]
[PlyCount "32"]
[EventDate "2021.01.26"]
[WhiteTeam "Horsham 3"]
[BlackTeam "Dundee City C"]

1. e4 e6 2. d4 d5 3. e5 c5 4. c3 Nc6 5. Nf3 Qb6 6. Be3 Qxb2 7. Nbd2 Qxc3 8. Rc1
Qa5 9. a4 c4 10. Qc2 h6 11. Be2 Nge7 12. O-O Nf5 13. Bf4 Nfxd4 14. Nxd4 Nxd4
15. Nf3 Nxc2 16. Rxc2 Qxa4 0-1

[Event "4NCL Online Division 7"]
[Site "online"]
[Date "2021.01.26"]
[Round "1.224"]
[White "Vijayakumar, Rishi"]
[Black "Jefferson, Simon"]
[Result "1-0"]
[WhiteElo "1002"]
[BlackElo "900"]
[PlyCount "59"]
[EventDate "2021.01.26"]
[WhiteTeam "Dundee City C"]
[BlackTeam "Horsham 3"]

1. d4 c6 2. c4 d6 3. Nf3 e6 4. Nc3 Nf6 5. e4 d5 6. e5 Ne4 7. Qc2 Nxc3 8. bxc3
dxc4 9. Bxc4 b5 10. Bd3 Qd5 11. Be4 Qd7 12. Ng5 f6 13. Nxh7 f5 14. Nxf8 Kxf8
15. Ba3+ Ke8 16. Bf3 f4 17. Be4 Na6 18. Bg6+ Kd8 19. Be4 Rg8 20. Rb1 Bb7 21. f3
g5 22. h3 Rb8 23. Bd6 Rc8 24. a4 c5 25. Bxb7 Qxb7 26. Rxb5 Qd7 27. dxc5 Qf7 28.
Qe4 Qf5 29. Qb7 Ke8 30. Qe7# 1-0

[Event "4NCL Online Division 7"]
[Site "online"]
[Date "2021.01.26"]
[Round "1.231"]
[White "Sandy, Paul"]
[Black "Popovici, Serena"]
[Result "1-0"]
[WhiteElo "1615"]
[BlackElo "1250"]
[PlyCount "151"]
[EventDate "2021.01.26"]
[WhiteTeam "Wessex Some Stars F"]
[BlackTeam "Colchester JFF C"]

1. Nf3 d5 2. g3 Nc6 3. Bg2 Bg4 4. h3 Bh5 5. c3 Nf6 6. d3 e5 7. Qa4 Bc5 8. Nxe5
Qd6 9. Nxc6 Qxc6 10. Qxc6+ bxc6 11. Bg5 Be7 12. Be3 O-O 13. Bf3 Bxf3 14. exf3
Rfe8 15. O-O Rab8 16. b3 c5 17. Nd2 Nd7 18. Rab1 a5 19. d4 c4 20. bxc4 Nb6 21.
c5 Nc4 22. Nxc4 dxc4 23. Bf4 Rxb1 24. Rxb1 c6 25. Rb6 Rc8 26. Ra6 Bd8 27. Kf1
h6 28. Ke2 g5 29. Bd6 Kg7 30. Ra7 Kg6 31. Ke3 h5 32. f4 f5 33. fxg5 Kxg5 34.
Bf4+ Kg6 35. h4 Bf6 36. Rxa5 Rb8 37. Ra6 Rc8 38. Ra4 Kf7 39. Rxc4 Rd8 40. Ra4
Rd5 41. Ra6 Be7 42. Rxc6 Rd8 43. Rc7 Re8 44. Bg5 f4+ 45. Kxf4 Kf8 46. Rxe7 Rxe7
47. Bxe7+ Kxe7 48. Kg5 Kd7 49. Kxh5 Ke7 50. Kg6 Kf8 51. h5 Kg8 52. c6 Kf8 53.
c7 Ke7 54. c8=Q Kd6 55. Qa6+ Kd5 56. c4+ Kxd4 57. Qd6+ Kxc4 58. Kf6 Kc3 59. Qd5
Kb4 60. Ke6 Kc3 61. Ke5 Kb4 62. a3+ Kc3 63. Qd4+ Kb3 64. Ke4 Kc2 65. Qd3+ Kb2
66. Kd4 Kc1 67. Qe3+ Kc2 68. a4 Kb2 69. Kc4 Kc2 70. Qd3+ Kb2 71. Qc3+ Kb1 72.
Qb3+ Kc1 73. Qa2 Kd1 74. f3 Kc1 75. Kd3 Kd1 76. Qb1# 1-0

[Event "4NCL Online Division 7"]
[Site "online"]
[Date "2021.01.26"]
[Round "1.232"]
[White "Baig, Huzaifa"]
[Black "Doyle, Jamie"]
[Result "0-1"]
[WhiteElo "1212"]
[BlackElo "1602"]
[PlyCount "156"]
[EventDate "2021.01.26"]
[WhiteTeam "Colchester JFF C"]
[BlackTeam "Wessex Some Stars F"]

1. e4 e5 2. Nf3 Nc6 3. d4 exd4 4. Nxd4 Nge7 5. Bb5 a6 6. Bxc6 Nxc6 7. Nxc6 bxc6
8. O-O Bc5 9. Nd2 O-O 10. Nb3 Bb6 11. Qd3 d5 12. exd5 cxd5 13. Be3 Bb7 14. Bxb6
cxb6 15. Rad1 Qg5 16. f3 h5 17. Qd2 Qf6 18. c3 Rad8 19. Qd4 Qg6 20. Rfe1 Rfe8
21. Re3 Re6 22. Rde1 Rde8 23. Qd2 h4 24. Rxe6 Rxe6 25. Rxe6 Qxe6 26. Kf2 h3 27.
g3 Qf5 28. Nd4 Qg6 29. Qc2 Qg5 30. Qe2 Kf8 31. f4 Qg6 32. Ke3 a5 33. Kd2 Qb1
34. Qe5 Qxb2+ 35. Kd1 Qb1+ 36. Kd2 Qxa2+ 37. Kd1 Qc4 38. Qb8+ Qc8 39. Qd6+ Kg8
40. Qxb6 a4 41. Qb4 Qa8 42. Qa3 Qa6 43. Ke1 Bc8 44. f5 Bd7 45. Qe7 Qc8 46. Qa3
Qe8+ 47. Kd1 Qe3 48. Qb4 Qg1+ 49. Kd2 Qxh2+ 50. Ne2 Qf2 51. Qe7 Qxf5 52. Qd8+
Be8 53. Qxe8+ Kh7 54. Qxa4 Qg5+ 55. Kd3 h2 56. Qd1 Qf5+ 57. Ke3 Qe4+ 58. Kf2
h1=Q 59. Qxh1+ Qxh1 60. Ke3 Qe4+ 61. Kd2 Kg6 62. Nf4+ Kg5 63. Nh3+ Kf6 64. Nf4
Qf3 65. Ne2 g5 66. Ke1 Kg7 67. Kd2 f5 68. Ke1 f4 69. gxf4 gxf4 70. c4 dxc4 71.
Kd2 Qd3+ 72. Ke1 f3 73. Nf4 Qe3+ 74. Kf1 Qxf4 75. Kf2 c3 76. Kf1 c2 77. Kf2
Qd2+ 78. Kxf3 c1=Q 0-1

[Event "4NCL Online Division 7"]
[Site "online"]
[Date "2021.01.26"]
[Round "1.233"]
[White "Deacon, Matthew"]
[Black "Salkauskas, Deimantas"]
[Result "1-0"]
[WhiteElo "1559"]
[BlackElo "969"]
[PlyCount "61"]
[EventDate "2021.01.26"]
[WhiteTeam "Wessex Some Stars F"]
[BlackTeam "Colchester JFF C"]

1. d4 g6 2. c4 Bg7 3. Nc3 Nf6 4. e4 d6 5. Nf3 O-O 6. Be2 Bg4 7. O-O e6 8. Qc2
Nc6 9. a3 a5 10. Rd1 d5 11. e5 Nd7 12. b3 dxc4 13. bxc4 h6 14. h3 Bf5 15. Bd3
Bxd3 16. Rxd3 f6 17. Rb1 fxe5 18. dxe5 Ncxe5 19. Nxe5 Bxe5 20. Bxh6 Bg7 21. Qd2
Bxh6 22. Qxh6 Qf6 23. Rxd7 Qxf2+ 24. Kh1 Rf7 25. Qxg6+ Kh8 26. Rxf7 Qxf7 27.
Qxf7 e5 28. Ne4 Rg8 29. Nf6 Rg7 30. Qf8+ Rg8 31. Qh6# 1-0

[Event "4NCL Online Division 7"]
[Site "online"]
[Date "2021.01.26"]
[Round "1.234"]
[White "He, Kingsley"]
[Black "Bucchi, Andrea"]
[Result "0-1"]
[WhiteElo "842"]
[BlackElo "1559"]
[PlyCount "46"]
[EventDate "2021.01.26"]
[WhiteTeam "Colchester JFF C"]
[BlackTeam "Wessex Some Stars F"]

1. e4 e5 2. Nf3 Nc6 3. Bc4 Nf6 4. Ng5 d5 5. exd5 Nd4 6. O-O Nxd5 7. Bxd5 Qxg5
8. d3 Qd8 9. c3 Qxd5 10. cxd4 Qxd4 11. Nc3 Bf5 12. Nb5 Qd7 13. Qa4 c6 14. Nxa7
b5 15. Qa6 Rxa7 16. Qb6 Rb7 17. Qe3 Qd4 18. Qxd4 exd4 19. Rd1 Bb4 20. Bd2 Bxd2
21. Rxd2 O-O 22. Rc1 Re8 23. Rxc6 Re1# 0-1

[Event "4NCL Online Division 7"]
[Site "online"]
[Date "2021.01.26"]
[Round "1.241"]
[White "Tarigopula, Pawan Kumar"]
[Black "Sumagaysay, Neil"]
[Result "0-1"]
[WhiteElo "1280"]
[BlackElo "1689"]
[PlyCount "50"]
[EventDate "2021.01.26"]
[WhiteTeam "Uxbridge Eagles"]
[BlackTeam "Braunstone 2"]

1. e4 e5 2. Nf3 Nc6 3. d4 d6 4. d5 Nb8 5. Nc3 Bg4 6. Bb5+ c6 7. dxc6 bxc6 8.
Ba4 Nf6 9. Bg5 Be7 10. Bxf6 Bxf6 11. h3 Bh5 12. Qd3 O-O 13. O-O-O Be7 14. g4
Bg6 15. Qe3 Qc7 16. h4 h5 17. Rdg1 Kh7 18. Ng5+ Kg8 19. Bb3 Nd7 20. gxh5 Bxh5
21. Nh7 Kxh7 22. f4 Bf6 23. f5 Nc5 24. Bc4 Qb6 25. Be2 Nb3+ 0-1

[Event "4NCL Online Division 7"]
[Site "online"]
[Date "2021.01.26"]
[Round "1.242"]
[White "Pyun, Lindsay"]
[Black "Gauri, Dhairye"]
[Result "1-0"]
[WhiteElo "1428"]
[BlackElo "1315"]
[PlyCount "113"]
[EventDate "2021.01.26"]
[WhiteTeam "Braunstone 2"]
[BlackTeam "Uxbridge Eagles"]

1. e4 e5 2. Nf3 Nc6 3. Bc4 Be7 4. Nc3 Nf6 5. d3 h6 6. O-O O-O 7. h3 a6 8. a4 d6
9. Be3 Be6 10. Nd5 Na5 11. Nxf6+ Bxf6 12. Bxe6 fxe6 13. Nh2 d5 14. Ng4 Bg5 15.
Nxe5 Bxe3 16. fxe3 Qg5 17. Qd2 Qxe5 18. Qxa5 b6 19. Qb4 a5 20. Qd4 Qd6 21. exd5
exd5 22. e4 c6 23. c4 Rad8 24. exd5 cxd5 25. Qxd5+ Qxd5 26. Rxf8+ Kxf8 27. cxd5
Rxd5 28. Ra3 Ke7 29. Rb3 Rd6 30. Kf2 Ke6 31. Ke3 Kf5 32. Rb5+ Kf6 33. b4 Re6+
34. Kd2 axb4 35. Rxb4 Ke7 36. Re4 Rxe4 37. dxe4 Kd6 38. Kd3 Ke5 39. Ke3 g6 40.
h4 g5 41. hxg5 hxg5 42. g4 Ke6 43. Kd4 Kd6 44. e5+ Ke6 45. Ke4 Ke7 46. Kd5 Kd7
47. e6+ Ke7 48. Ke5 Ke8 49. Kf6 Kf8 50. Kxg5 Ke7 51. Kf5 Ke8 52. g5 Kf8 53. g6
Kg8 54. e7 b5 55. e8=Q+ Kg7 56. Qf7+ Kh8 57. Qh7# 1-0

[Event "4NCL Online Division 7"]
[Site "online"]
[Date "2021.01.26"]
[Round "1.243"]
[White "Tarigopula, Varish"]
[Black "Mehta, Sophie"]
[Result "1-0"]
[WhiteElo "1258"]
[BlackElo "1360"]
[PlyCount "139"]
[EventDate "2021.01.26"]
[WhiteTeam "Uxbridge Eagles"]
[BlackTeam "Braunstone 2"]

1. e4 c5 2. Nf3 Nc6 3. d4 cxd4 4. Nxd4 g6 5. Bc4 Bg7 6. Be3 Nf6 7. Nxc6 bxc6 8.
e5 Nh5 9. Bd4 Qc7 10. Qf3 O-O 11. Qe3 Bh8 12. O-O d5 13. exd6 Qxd6 14. Bxh8
Kxh8 15. Nc3 Bf5 16. Rad1 Qf6 17. Bd3 e6 18. Bxf5 exf5 19. Qc5 Rfb8 20. Rd6 Qg5
21. Qxc6 Nf4 22. Qf3 Qg4 23. Qxg4 fxg4 24. Rf6 Nh5 25. Rxf7 Rxb2 26. Rc1 Rc8
27. Ne4 Rcxc2 28. Rd1 Rc8 29. Rxa7 Rbc2 30. g3 Re2 31. Ng5 Rce8 32. Rxh7+ Kg8
33. Rhd7 Rxa2 34. Rd8 Rxd8 35. Rxd8+ Kg7 36. Rd7+ Kf6 37. Ne4+ Ke6 38. Nc5+ Kf5
39. Rd5+ Kf6 40. Rd1 Ng7 41. Ne4+ Kf5 42. Nc3 Rc2 43. Nd5 Rc5 44. Ne3+ Kg5 45.
Rd4 Rc1+ 46. Kg2 Kh5 47. Rxg4 Nf5 48. Kf3 Nxe3 49. fxe3 Rf1+ 50. Ke2 Rh1 51.
Rh4+ Kg5 52. e4 Kf6 53. Rf4+ Ke5 54. h4 Rg1 55. Kf2 Ra1 56. Kf3 Rf1+ 57. Kg4
Rxf4+ 58. gxf4+ Kxe4 59. Kg5 Kf3 60. Kxg6 Kxf4 61. h5 Kg4 62. h6 Kh4 63. h7 Kg3
64. h8=Q Kf3 65. Qe5 Kf2 66. Kf5 Kf1 67. Qb2 Ke1 68. Ke4 Kf1 69. Kf3 Ke1 70.
Qe2# 1-0